WHO drug information; Vol.8(N.2)/1994

में बचाया:
ग्रंथसूची विवरण
मुख्य लेखक: WHO
स्वरूप: पुस्तक
भाषा:Undetermined
प्रकाशित: Geneva WHO 1994
विषय:
टैग : टैग जोड़ें
कोई टैग नहीं, इस रिकॉर्ड को टैग करने वाले पहले व्यक्ति बनें!
Thư viện lưu trữ: Trung tâm Học liệu Trường Đại học Cần Thơ
LEADER 00476nam a2200181Ia 4500
001 CTU_34552
008 210402s9999 xx 000 0 und d
082 |a 615.1 
082 |b W927d/Vol.8/N.2 
100 |a WHO 
245 0 |a WHO drug information; Vol.8(N.2)/1994 
245 0 |c WHO 
260 |a Geneva 
260 |b WHO 
260 |c 1994 
650 |a pharmacology 
904 |i Nguyễn Quang Điền, 991210 
980 |a Trung tâm Học liệu Trường Đại học Cần Thơ